| 000 | 01088nam2a2200313 4500 | ||
|---|---|---|---|
| 001 | RU\NLR\bibl\382833 | ||
| 005 | 20250622154131.0 | ||
| 010 |
_a5-7042-1170-4 _91000 |
||
| 021 |
_aRU _b2003-3825 _9176 |
||
| 035 | _a(NLR Aleph) 000377230 | ||
| 090 |
_a432962 _c432962 |
||
| 100 | _a20030304d2002 |||y0rusy50 ca | ||
| 101 | 0 | _arus | |
| 102 | _aRU | ||
| 105 | _aa ||||||||| | ||
| 200 | 1 | _aНачальные ката | |
| 210 |
_d2002 _aБ. м. |
||
| 215 |
_a92, [1] с. _cил. |
||
| 461 | 0 |
_1001RU\NLR\bibl\387561 _12001#$aКаратэ-до "Конно-дзюку"$vЧ. 1 _9461009 _cМ. _d2002- _fИсслед. центр окинав. боевых искусств "Кьян" _nПрометей _o[Учеб.-практич. пособие : В 3 ч.] _tКаратэ-до "Конно-дзюку" _vЧ. 1 |
|
| 610 | 0 | _aКаратэ | |
| 675 |
_a796.853.26(075) _v3 _zrus |
||
| 686 |
_a77 _2rugasnti |
||
| 686 |
_a75.715 _2rubbk |
||
| 801 | 0 |
_aRU _bRKP _c20030304 _gPSBO |
|
| 801 | 1 |
_aRU _bRKP _c20030304 |
|
| 801 | 2 |
_aRU _bNLR _c20030411 _grcr |
|
| 942 | _cBOOK | ||
| 980 | _aNB | ||